| 000 | 00694nam a2200181 a 4500 | ||
|---|---|---|---|
| 001 | 000235887 | ||
| 003 | AM-YeHGA | ||
| 005 | 20250618071606.0 | ||
| 008 | 030617s1901 gs r 000 0 arm d | ||
| 040 | _aAM-YeHGA | ||
| 100 | 1 |
_aՇիլլեր, Ֆրիդրիխ, _d1759-1805 |
|
| 245 | 1 | 0 |
_aՎիլհէլմ Տէլլ / _cՖ. Շիլլէր; Բնագրից ամփոփեց՝ Ս. Թառայեանց. |
| 260 |
_aԹիֆլիս : _bտպ. Կ. Մարտիրոսեանցի, _c1901. |
||
| 300 |
_a54 էջ ; _c18 սմ. |
||
| 650 | 1 | 4 |
_aԳերմանական գրականություն _xԹատերգություն |
| 700 | 1 |
_aԹառայան, Սեդրակ Ավագի, _d1862-1916 _eամփ. _4adp _91140 |
|
| 090 | _c84657 | ||
| 999 |
_c83382 _d83382 |
||